00596 2200181 4500245004800000020001800048250001100066100001800077700002700095650001600122005001900138260004200157041001400199084000800213300002300221500016100244336000900405 aTall , Thin and BlondecSheldon, DyanhText a979-22-0979-4 aCet. 2 aSheldon, Dyan aMonica Dwi Chresnayani aNovel Fiksi a20231006140144 aJakartabGramedia Pustaka Utamac2004 aIndonesia a813 a208 hlm. :c20 cm. asaat smp, jenniy dan amy paling anti bergaul dengan mis perfect teenager : cewek pirang jangkung kurus yang kegemaraannya cuma mengobrol tentang cowok-cowok atext